|
|
|
|
| LEADER |
00000nam a2200000 a 4500 |
| 001 |
vtls001063668 |
| 003 |
SK-MaSNL |
| 005 |
20260301232658.0 |
| 008 |
250414s1990 xo 0 slo |
| 015 |
|
|
|a SNBA1991/02
|
| 020 |
|
|
|a 8005006314
|
| 035 |
|
|
|a SNK000006497
|
| 040 |
|
|
|a SNK
|b slo
|c SNK
|e AACR2
|
| 041 |
0 |
|
|a slo
|
| 044 |
|
|
|a xo
|c SK
|
| 080 |
|
|
|a 577.121
|2 1981
|
| 080 |
|
|
|a 613.2-099
|2 1981
|
| 080 |
|
|
|a 633.1
|2 1981
|
| 100 |
1 |
|
|a Betina, Vladimír,
|d 1930-2006
|4 aut
|9 163330
|
| 245 |
1 |
0 |
|a Mykotoxíny
|b Chémia - biológia - ekológia
|c Vladimír Betina ; Ladislav Donauer
|
| 250 |
|
|
|a 1. vyd.
|
| 260 |
|
|
|a Bratislava
|b Alfa
|c 1990
|e Bratislava
|f Svornosť
|
| 300 |
|
|
|a 288 s., 22,78 AH
|b Tb.
|c 24 cm
|
| 366 |
|
|
|e 800 výtl.
|
| 490 |
0 |
|
|a Edícia potravinárskej literatúry
|
| 500 |
|
|
|a Lit. 945. Reg. 945 zázn. v angl.
|
| 700 |
1 |
|
|a Donauer, Ladislav,
|d 1956-
|4 bkd
|9 244637
|
| 852 |
|
|
|a Slovenská národná knižnica
|
| 919 |
|
|
|a 80-05-00631-4
|
| 954 |
|
|
|a mykotoxíny
|a huby toxinogénne
|
| 958 |
|
|
|a NB
|
| 958 |
|
|
|a TL
|
| 958 |
|
|
|a OND
|
| 999 |
|
|
|c 962292
|d 964222
|
| 952 |
|
|
|a SNK
|b SNK
|y VYP
|7 0
|p 17A0950250
|o snkSC 78512 D1
|i snkKSP 9698/80
|0 0
|1 0
|4 0
|d 1997-04-22
|l 0
|r 2004-12-31 00:00:00
|w 2026-02-24
|
| 952 |
|
|
|t P60, <03>, [BOOK], {603}
|a SNK
|b SNK
|y PREZ
|7 0
|p 17A0188290
|o snkSC 78512
|0 0
|1 0
|4 0
|d 1999-04-08
|l 0
|r 2004-12-31 00:00:00
|w 2026-02-24
|